Agony of Kashmir / (Record no. 130997)
[ view plain ]
| 000 -LEADER | |
|---|---|
| fixed length control field | 00622nam a22002177a 4500 |
| 005 - DATE AND TIME OF LATEST TRANSACTION | |
| control field | 20170124110121.0 |
| 010 ## - LIBRARY OF CONGRESS CONTROL NUMBER | |
| LC control number | B-012797 |
| 020 ## - INTERNATIONAL STANDARD BOOK NUMBER | |
| Terms of availability | 25.00 |
| 035 ## - SYSTEM CONTROL NUMBER | |
| System control number | B-012797 |
| 037 ## - SOURCE OF ACQUISITION | |
| Source of stock number/acquisition | Cen Lib/Ret |
| 040 ## - CATALOGING SOURCE | |
| Original cataloging agency | DPL |
| Language of cataloging | EN |
| 082 ## - DEWEY DECIMAL CLASSIFICATION NUMBER | |
| Classification number | 954.11 |
| Item number | AGO |
| 245 ## - TITLE STATEMENT | |
| Title | Agony of Kashmir / |
| Statement of responsibility, etc | compiled by D.N.Munshi |
| 260 ## - PUBLICATION, DISTRIBUTION, ETC. (IMPRINT) | |
| Place of publication, distribution, etc | New Delhi |
| Name of publisher, distributor, etc | Suruchi Prakashan |
| Date of publication, distribution, etc | 1992 |
| 270 ## - ADDRESS | |
| Address | Krshav Kunj |
| City | New Delhi |
| Postal code | 110055 |
| 300 ## - PHYSICAL DESCRIPTION | |
| Extent | vi,62p. |
| Dimensions | 17cm(Hb) |
| 650 ## - SUBJECT ADDED ENTRY--TOPICAL TERM | |
| Topical term or geographic name as entry element | Politics and government |
| 9 (RLIN) | 30556 |
| 650 ## - SUBJECT ADDED ENTRY--TOPICAL TERM | |
| Topical term or geographic name as entry element | India--Jammu and Kashmir |
| 9 (RLIN) | 30557 |
| 700 ## - ADDED ENTRY--PERSONAL NAME | |
| 9 (RLIN) | 30461 |
| Personal name | Munshi, D.N. |
| 942 ## - ADDED ENTRY ELEMENTS (KOHA) | |
| Source of classification or shelving scheme | Dewey Decimal Classification |
| Koha item type | English Books |
| Classification part | 954.11 |
| Call number suffix | AGO |
| Withdrawn status | Lost status | Damaged status | Not for loan | Home library | Current library | Date acquired | Source of acquisition | Cost, normal purchase price | Total Checkouts | Full call number | Barcode | Date last seen | Date checked out | Copy number | Cost, replacement price | Price effective from | Koha item type |
|---|---|---|---|---|---|---|---|---|---|---|---|---|---|---|---|---|---|
| Central Library | Central Library | 11/07/2015 | Cen Lib/Ret | 25.00 | 1 | 954.11 AGO | B-012797 | 02/06/2018 | 30/05/2018 | 1 | 25.00 | 11/07/2015 | English Books |
